Aparatos de manutención / (Record no. 108580)

MARC details
000 -LEADER
campo de control de longitud fija 00584nam a2200193 4500
001 - NÚMERO DE CONTROL
campo de control 108580
003 - IDENTIFICADOR DE NÚMERO DE CONTROL
campo de control ES-MaACL
005 - FECHA Y HORA DE LA ÚLTIMA TRANSACCIÓN
campo de control 20230906184652.0
007 - CAMPO FIJO DE DESCRIPCIÓN FÍSICA--INFORMACIÓN GENERAL
campo de control de longitud fija t|
008 - DATOS DE LONGITUD FIJA--INFORMACIÓN GENERAL
campo de control de longitud fija 061121s1970 sp r ||||1| spa d
100 1# - ENTRADA PRINCIPAL--NOMBRE DE PERSONA
Nombre de persona Monne, M.
9 (RLIN) 82238
245 10 - MENCIÓN DEL TÍTULO
Título Aparatos de manutención /
Mención de responsabilidad, etc. M. Monne, A. Ognus; traducido por Luis Mª Jiménez de Cisneros.
250 ## - MENCION DE EDICION
Mención de edición 1ª. ed.
260 ## - PUBLICACIÓN, DISTRIBUCIÓN, ETC.
Lugar de publicación, distribución, etc. Barcelona :
Nombre del editor, distribuidor, etc. Blume,
Fecha de publicación, distribución, etc. 1970.
300 ## - DESCRIPCIÓN FÍSICA
Extensión 285 p. :
Otras características físicas il. ;
Dimensiones 23 cm.
700 1# - ENTRADA AGREGADA--NOMBRE PERSONAL
Nombre de persona Ognus, A.
9 (RLIN) 86578
700 1# - ENTRADA AGREGADA--NOMBRE PERSONAL
Nombre de persona Jiménez de Cisneros, Luis María.
9 (RLIN) 66498
852 ## - LOCALIZACIÓN
Ubicación ES-MaACL
Número de control de estantería C-44066
Sublocalización o colección R.74478
Holdings
Estatus retirado Estado de pérdida Estado de daño No para préstamo Biblioteca de origen Biblioteca actual Ubicación en estantería Fecha de adquisición Fuente de adquisición Total de préstamos Signatura topográfica completa Código de barras Visto por última vez Precio de reemplazo Tipo de ítem Koha
        Biblioteca del Ateneo de Madrid Biblioteca del Ateneo de Madrid Depósito 2 17/01/2008     C-44066 1113298 23/02/2023 23/02/2023 Libro impreso